| 000 | 00416pam a2200169 a 4500 | ||
|---|---|---|---|
| 020 | _cxvii paper back | ||
| 041 | _aeng | ||
| 082 |
_a621.382 2 _bLYO |
||
| 100 | _aLYORIS | ||
| 245 |
_aUNDERSTANDING DIGITAL SIGNAL PROC. _hTextual Documents |
||
| 250 | _a31-12-1998 | ||
| 260 | _bADDISON WESLEY | ||
| 300 | _a517 | ||
| 500 | _a623 | ||
| 653 | _aDIGITAL SIGNAL PROCESSING and APPLICATIONS (T.E.II | ||
| 930 | _a450 | ||
| 999 |
_c43680 _d43680 |
||